La propuesta de la renta básica: potencialidad y debilidades para mejorar las condiciones de empleo y la equidad de género /
Este trabajo se propone reflexionar sobre la potencialidad y las debilidades que la propuesta de la renta básica presenta como instrumento para afectar positivamente las condiciones en el mercado laboral y la situación de equidad de género. No pretende elaborar argumentos conclusivos al respecto, si...
Збережено в:
| Автор: | |
|---|---|
| Формат: | Текст |
| Предмети: | |
| Теги: |
Додати тег
Немає тегів, Будьте першим, хто поставить тег для цього запису!
|
MARC
| LEADER | 00000 a a2200000 04500 | ||
|---|---|---|---|
| 001 | 43776 | ||
| 003 | |||
| 040 | |||
| 100 | |a Rodríguez Enríquez, Corina | ||
| 245 | |a La propuesta de la renta básica: |b potencialidad y debilidades para mejorar las condiciones de empleo y la equidad de género / |c Corina Rodríguez Enríquez | ||
| 520 | |a Este trabajo se propone reflexionar sobre la potencialidad y las debilidades que la propuesta de la renta básica presenta como instrumento para afectar positivamente las condiciones en el mercado laboral y la situación de equidad de género. No pretende elaborar argumentos conclusivos al respecto, sino por el contrario presentar los puntos centrales del debate y ofrecer elementos para profundizar la discusión. | ||
| 590 | |a RRA/OCTUBRE2012 | ||
| 650 | |a 1.INGRESO | ||
| 650 | |a 2.MERCADO LABORAL | ||
| 650 | |a 3.IGUALDAD DE REMUNERACION | ||
| 650 | |a 4.GENERO | ||
| 773 | |g páginas 111-119 | ||
| 999 | |c 26998 |d 26998 | ||
